Fifty year canon of solar eclipses (Record no. 9133)

MARC details
000 -LEADER
fixed length control field 00574nam a2200181Ia 4500
003 - CONTROL NUMBER IDENTIFIER
control field IN-BaIIA
008 - FIXED-LENGTH DATA ELEMENTS--GENERAL INFORMATION
fixed length control field 211028s9999 xx 000 0 eng d
040 ## - CATALOGING SOURCE
Transcribing agency IIA Library
080 ## - UNIVERSAL DECIMAL CLASSIFICATION NUMBER
Universal Decimal Classification number 523.947:520.86
Item number ESP
100 ## - MAIN ENTRY--PERSONAL NAME
Personal name Espenak, Fred
9 (RLIN) 15330
245 #0 - TITLE STATEMENT
Title Fifty year canon of solar eclipses
Remainder of title 1986-2035
Statement of responsibility, etc. Fred Espenak
260 ## - PUBLICATION, DISTRIBUTION, ETC.
Place of publication, distribution, etc. Maryland
Name of publisher, distributor, etc. Direct
Date of publication, distribution, etc. 1987
300 ## - PHYSICAL DESCRIPTION
Extent iii, 278p.
490 ## - SERIES STATEMENT
Series statement NASA reference publication; 1178
650 ## - SUBJECT ADDED ENTRY--TOPICAL TERM
Topical term or geographic name entry element Astronomy and astrophysics thesaurus
650 ## - SUBJECT ADDED ENTRY--TOPICAL TERM
Topical term or geographic name entry element Solar eclipses
9 (RLIN) 1451
942 ## - ADDED ENTRY ELEMENTS (KOHA)
Koha item type Books
Holdings
Withdrawn status Lost status Damaged status Not for loan Home library Current library Shelving location Date acquired Total Checkouts Full call number Barcode Date last seen Price effective from Koha item type
        IIA Library-Bangalore IIA Library-Bangalore General Stacks     523.947:520.86/ ESP 10036 05/11/2021   Books

Powered by Koha